| 000 | 09411nas1a22009731 4500 | ||
|---|---|---|---|
| 001 | RU\NLR\INFOCOMM18\1000094657 | ||
| 005 | 20250807190122.0 | ||
| 035 | _a(NLR Aleph) 002758738 | ||
| 090 |
_a1027 _c1027 |
||
| 100 | _a20040205c1934 u y0rusy50 ca | ||
| 101 | 0 | _arus | |
| 102 | _aRU | ||
| 110 | _azyu||||0|y0 | ||
| 200 | 1 |
_aТруды Института _fВсесоюз. науч.-исслед. ин-т овцеводства и козоводства |
|
| 210 |
_aСтаврополь _d1934- |
||
| 300 | _a№1(23) не был издан | ||
| 430 | 1 | _12001#$aБюллетень Всесоюзного научно-исследовательского института овцеводства и козоводства | |
| 430 | 1 | _12001#$aТруды Всесоюзного научно-исследовательского института овцеводства и козоводства | |
| 430 | 1 | _12001#$aСборник научных работ | |
| 440 | 1 | _12001#$aБюллетень научно-технической информации | |
| 440 | 1 | _12001#$aТруды Всесоюзного ордена Трудового Красного Знамени научно-исследовательского института овцеводства и козоводства | |
| 440 | 1 | _12001#$aТруды | |
| 710 | 0 | 2 |
_aВсесоюзный научно-исследовательский институт овцеводства и козоводства _cСтаврополь _4070 |
| 712 | 0 | 2 |
_aВсесоюзный научно-исследовательский институт овцеводства и козоводства _bЛаборатория физиологии размножения _cСтаврополь _4570 |
| 801 | 1 |
_aRU _bInfoComm _c20040205 |
|
| 801 | 0 |
_aRU _bNLR _gPSBO |
|
| 852 |
_aNLR _jП13/377 |
||
| 852 |
_aNLR _j34-19/469 |
||
| 852 |
_aNLR _j36-5/446 |
||
| 852 |
_aNLR _j36-12/736 |
||
| 852 |
_aNLR _j36-10/5557 |
||
| 852 |
_aNLR _j36-10/5556 |
||
| 852 |
_aNLR _j38-11/582 |
||
| 852 |
_aNLR _j38-17/416 |
||
| 852 |
_aNLR _bС90 _jГ-5/28 |
||
| 942 | _cSE | ||
| 945 | _aРоссийская национальная библиотека | ||
| 980 | _aNB | ||
| 980 | _aBV | ||
| 980 | _aRUSPER | ||